|
|
|
|
| LEADER |
00000csc a2200000 a 4500 |
| 001 |
63797 |
| 005 |
20231110062736.0 |
| 008 |
994070|1993 ||||||||r|||||||||||spa|| |
| 040 |
|
|
|b spa
|
| 041 |
1 |
|
|a spa
|
| 082 |
0 |
|
|a E860.9
|b E56d
|
| 245 |
1 |
1 |
|a Poesía popular. Visión del mundo en la poesía popular
|c Julio Pazos Barrera
|h imp
|
| 264 |
|
|
|a Cuenca
|c 1993
|
| 300 |
|
|
|a páginas: 127-141
|
| 300 |
|
|
|a 525 páginas:
|
| 650 |
1 |
0 |
|a Literatura ecuatoriana
|9 307
|
| 650 |
1 |
|
|a Critica
|9 447
|
| 650 |
1 |
|
|a Poesia popular
|9 6307
|
| 773 |
|
|
|g 525 páginas:
|t IV Encuentro de Literatura Ecuatoriana Alfonso Carrasco Vintimilla
|
| 852 |
|
|
|a UC-CDJBV
|f Donación
|k npena
|l 1
|m General
|p 19940708
|t 63797
|b 0
|d CDRC
|e CDRC
|g E860.9 E56d
|z 1994-40-70
|
| 942 |
|
|
|
| 999 |
|
|
|c 116459
|d 116459
|